000 00635nam a22002297a 4500
001 BR7312269
003 BR-BrBNA
005 20240201131220.0
007 ta
008 230509b bl.||||| |||| 00| 0 por d
040 _aBR-BrBNA
_bpor
_cBiblioteca Nacional de Agricultura
041 _a(Por)
072 _aA50
090 _aA50
_bBR7312269
110 1 _aFundacao Instituto Agronomico do Parana, Curitiba (Brasil)
_94910
245 1 _aA funcao IAPAR [Fundacao Instituto Agronomico do Parana]
260 3 _aCuritiba, PR (Brasil):
_c1973.
300 _a26 p.
650 _aPESQUISA AGRICOLA
650 _aPARANA
942 _cBK
_2AGRIS
999 _c17781
_d17781